[Event "Steinfurt Bezirksliga 1314"]
[Site "Germany"]
[Date "2014.01.25"]
[Round "5.7"]
[White "Hoogendoorn, Paulus Jan"]
[Black "Winter, Reinhold"]
[Result "0-1"]
[WhiteElo "1279"]
[BlackElo "1547"]
[PlyCount "94"]
[EventDate "2013.09.14"]
[EventType "team-tourn"]
[EventRounds "9"]
[EventCountry "GER"]
[SourceTitle "EXT 2015"]
[Source "ChessBase"]
[SourceDate "2014.11.20"]
[SourceVersion "1"]
[SourceVersionDate "2014.11.20"]
[SourceQuality "1"]
[WhiteTeam "Emsdetten Rochade III"]
[BlackTeam "Neuenkirchen II"]
[WhiteTeamCountry "GER"]
[BlackTeamCountry "GER"]

1. e4 e6 2. d4 d5 3. e5 c5 4. c3 Nc6 5. Nf3 cxd4 6. cxd4 Bb4+ 7. Nc3 Nge7 8. a3 Bxc3+ 9. bxc3 a6 10. Be2 h6 11. 0-0 Bd7 12. Bd2 Rc8 13. h3 Na5 14. Qb1 b5 15. Qa2 Nc4 16. Bxc4 Rxc4 17. Rfc1 Nc6 18. Be1 Na5 19. Nd2 Rc7 20. Qb1 0-0 21. f4 Nc4 22. Nxc4 Rxc4 23. Qb2 Qc7 24. Bd2 Bc8 25. Rcb1 Qe7 26. g3 f6 27. Qc2 fxe5 28. dxe5 Qc5+ 29. Kg2 d4 30. Rc1 Bb7+ 31. Kf1 Qd5 32. Qd3 Qh1+ 33. Ke2 Qg2+ 34. Ke1 Be4 35. Qe2 Qxg3+ 36. Qf2 Qxh3 37. cxd4 Qh1+ 38. Ke2 Qh5+ 39. Ke3 Rxc1 40. Rxc1 Bd5 41. Kd3 Qh3+ 42. Qe3 Qf5+ 43. Ke2 Bc4+ 44. Kf2 Qh5 45. Re1 Qh2+ 46. Kf3 Bd5+ 47. Kg4 h5+ 0-1

[Event "Steinfurt Bezirksliga 1314"]
[Site "Germany"]
[Date "2013.11.09"]
[Round "3.5"]
[White "Hoogendoorn, Paulus Jan"]
[Black "Dehler, Markus"]
[Result "0-1"]
[WhiteElo "1279"]
[BlackElo "1574"]
[PlyCount "77"]
[EventDate "2013.09.14"]
[EventType "team-tourn"]
[EventRounds "9"]
[EventCountry "GER"]
[SourceTitle "EXT 2015"]
[Source "ChessBase"]
[SourceDate "2014.11.20"]
[SourceVersion "1"]
[SourceVersionDate "2014.11.20"]
[SourceQuality "1"]
[WhiteTeam "Emsdetten Rochade III"]
[BlackTeam "Steinfurt II"]
[WhiteTeamCountry "GER"]
[BlackTeamCountry "GER"]

1. e4 c5 2. Nc3 Nc6 3. g3 d6 4. Bg2 g6 5. f4 e6 6. Nf3 Bg7 7. 0-0 Nge7 8. d3 0-0 9. Bd2 Rb8 10. a3 b5 11. Rb1 a6 12. Ne2 Qb6 13. Be3 Qc7 14. c3 Bb7 15. Qc1 f5 16. Ng5 Qd7 17. Qc2 h6 18. Nf3 Rbc8 19. Nd2 a5 20. Qd1 Ba6 21. Nb3 a4 22. Nbc1 Bb7 23. d4 cxd4 24. cxd4 fxe4 25. Bxe4 Nf5 26. Bf2 Na5 27. Nc3 Bxe4 28. Nxe4 Nc4 29. Re1 Qc6 30. Nc3 Kf7 31. d5 exd5 32. Nxd5 Rfe8 33. Nc3 Rxe1+ 34. Qxe1 Nd4 35. Qd1 Nf3+ 36. Kg2 Nfd2+ 37. Kg1 Nxb1 38. Nxb1 Nxb2 39. Qd2 0-1

[Event "Steinfurt Bezirksliga 1112"]
[Site "Germany"]
[Date "2011.10.01"]
[Round "1.8"]
[White "Schmidt, Frank1111"]
[Black "Hoogendoorn, Paulus Jan"]
[Result "1-0"]
[WhiteElo "1643"]
[BlackElo "1367"]
[PlyCount "73"]
[EventDate "2011.10.01"]
[EventType "team-tourn"]
[EventRounds "9"]
[EventCountry "GER"]
[SourceTitle "EXT 2013"]
[Source "ChessBase"]
[SourceDate "2012.11.22"]
[SourceVersion "1"]
[SourceVersionDate "2012.11.22"]
[SourceQuality "1"]
[WhiteTeam "Emsdetten Rochade II"]
[BlackTeam "Emsdetten Rochade III"]
[WhiteTeamCountry "GER"]
[BlackTeamCountry "GER"]

1. d4 d5 2. c4 e6 3. Nc3 Nf6 4. Bg5 Be7 5. e3 0-0 6. Nf3 c6 7. Bd3 Nbd7 8. 0-0 dxc4 9. Bxc4 Re8 10. Qc2 Qc7 11. Bb3 Bd6 12. e4 e5 13. d5 h6 14. dxc6 bxc6 15. Bxf6 Nxf6 16. h3 Bd7 17. Rac1 Rac8 18. Qe2 Qb7 19. Rfd1 Bf8 20. Bc4 Bb4 21. Ba6 Qc7 22. Bxc8 Qxc8 23. Nh2 g6 24. Qf3 Kg7 25. Nd5 Nxd5 26. exd5 e4 27. Qb3 Bd6 28. dxc6 Bxh2+ 29. Kxh2 Qc7+ 30. Kg1 Bc8 31. Qd5 e3 32. fxe3 Rxe3 33. Qd4+ Re5 34. Re1 f6 35. Rxe5 fxe5 36. Qe3 Bf5 37. b4 1-0

[Event "Steinfurt Bezirksliga 1011"]
[Site "Germany"]
[Date "2011.05.07"]
[Round "9.8"]
[White "Kroeger, Ralf"]
[Black "Hoogendoorn, Paulus Jan"]
[Result "0-1"]
[WhiteElo "1517"]
[BlackElo "1374"]
[PlyCount "96"]
[EventDate "2010.10.02"]
[EventType "team-tourn"]
[EventRounds "9"]
[EventCountry "GER"]
[SourceTitle "EXT 2012"]
[Source "ChessBase"]
[SourceDate "2011.11.24"]
[SourceVersion "1"]
[SourceVersionDate "2011.11.24"]
[SourceQuality "1"]
[WhiteTeam "Steinfurt II"]
[BlackTeam "Emsdetten Rochade III"]
[WhiteTeamCountry "GER"]
[BlackTeamCountry "GER"]

1. d4 d5 2. c4 c6 3. Nc3 Nf6 4. Nf3 h6 5. Bf4 e6 6. a3 Nbd7 7. e3 Be7 8. Bd3 dxc4 9. Bxc4 Nb6 10. Bd3 Nfd5 11. Nxd5 Nxd5 12. Bg3 Bd7 13. 0-0 b5 14. Ne5 Rc8 15. Qh5 0-0 16. Bf4 f5 17. Bg3 Be8 18. Qh3 Nf6 19. f4 Nd7 20. Rf3 Nxe5 21. fxe5 Bg5 22. Raf1 Bg6 23. Be1 Qd5 24. Qg3 Bh7 25. h4 Be7 26. Qf4 Kh8 27. Rh3 Rg8 28. Be2 Rcf8 29. Bf3 Qd8 30. Bxc6 a6 31. Bb7 Qb6 32. Bf3 Bg6 33. Bd1 Qd8 34. Bb3 Qc8 35. Bd2 Rf7 36. Rc1 Qd7 37. Ba5 Rc8 38. Bc3 a5 39. Rg3 Bh7 40. Bd1 b4 41. Bd2 bxa3 42. Rxc8+ Qxc8 43. bxa3 Qd8 44. a4 Bxh4 45. Rf3 Bg5 46. Qg3 Rb7 47. Qe1 Ra7 48. Rf2 Bh4 0-1

[Event "Steinfurt Bezirksliga 1011"]
[Site "Germany"]
[Date "2010.10.02"]
[Round "1.8"]
[White "Hoogendoorn, Paulus Jan"]
[Black "Schulte, Rainer"]
[Result "1/2-1/2"]
[WhiteElo "1374"]
[BlackElo "1470"]
[PlyCount "65"]
[EventDate "2010.10.02"]
[EventType "team-tourn"]
[EventRounds "9"]
[EventCountry "GER"]
[SourceTitle "EXT 2012"]
[Source "ChessBase"]
[SourceDate "2011.11.24"]
[SourceVersion "1"]
[SourceVersionDate "2011.11.24"]
[SourceQuality "1"]
[WhiteTeam "Emsdetten Rochade III"]
[BlackTeam "Emsdetten Rochade II"]
[WhiteTeamCountry "GER"]
[BlackTeamCountry "GER"]

1. e4 c6 2. Nc3 d5 3. exd5 cxd5 4. d4 Bf5 5. Nf3 e6 6. Bb5+ Nc6 7. Ne5 Qc7 8. 0-0 Bd6 9. f4 Nf6 10. a3 a6 11. Bxc6+ bxc6 12. b4 0-0 13. Bd2 Ne4 14. Ne2 Nxd2 15. Qxd2 a5 16. c3 Ra7 17. Ng3 Bxe5 18. fxe5 Bg6 19. Ne2 Rfa8 20. Rac1 axb4 21. axb4 Ra2 22. Qe3 Qe7 23. g3 Rb2 24. Rf2 Raa2 25. Rcf1 Qa7 26. Nc1 Rxf2 27. Rxf2 Rxf2 28. Qxf2 Qa1 29. Qd2 Bf5 30. Kf2 Bh3 31. Ke3 Qb1 32. Nd3 Qg1+ 33. Qf2 1/2-1/2

[Event "Steinfurt Bezirksklasse 0910"]
[Site "Germany"]
[Date "2010.05.08"]
[Round "7.6"]
[White "Hoogendoorn, Paulus Jan"]
[Black "Limberg, Rudolf"]
[Result "1/2-1/2"]
[WhiteElo "1444"]
[BlackElo "1489"]
[PlyCount "69"]
[EventDate "2009.09.26"]
[EventType "team-tourn"]
[EventRounds "7"]
[EventCountry "GER"]
[SourceTitle "EXT 2011"]
[Source "ChessBase"]
[SourceDate "2010.11.26"]
[SourceVersion "1"]
[SourceVersionDate "2010.11.26"]
[SourceQuality "1"]
[WhiteTeam "Emsdetten Rochade III"]
[BlackTeam "Rheine"]
[WhiteTeamCountry "GER"]
[BlackTeamCountry "GER"]

1. e4 e5 2. Nf3 Nc6 3. Bc4 Nf6 4. d3 Be7 5. 0-0 d6 6. h3 Bd7 7. Nc3 Qc8 8. Nh2 Nd4 9. Nd5 Nxd5 10. Bxd5 c6 11. Bb3 0-0 12. Be3 Nxb3 13. axb3 f5 14. f4 a6 15. Qe2 c5 16. c4 fxe4 17. dxe4 exf4 18. Bxf4 Bc6 19. e5 Qe6 20. Rae1 dxe5 21. Qxe5 Qg6 22. Qe6+ Qxe6 23. Rxe6 Bf6 24. Be5 Bd7 25. Rexf6 gxf6 26. Bxf6 Rf7 27. Be5 Rxf1+ 28. Nxf1 Bf5 29. Nd2 Rd8 30. Bc3 b5 31. cxb5 axb5 32. b4 c4 33. Kf2 Rd3 34. Nf3 Be4 35. Nd4 1/2-1/2

[Event "Steinfurt Bezirksklasse 0910"]
[Site "Germany"]
[Date "2010.02.06"]
[Round "4.5"]
[White "Blomquist, Pontus"]
[Black "Hoogendoorn, Paulus Jan"]
[Result "1-0"]
[WhiteElo "1379"]
[BlackElo "1444"]
[PlyCount "91"]
[EventDate "2009.09.26"]
[EventType "team-tourn"]
[EventRounds "7"]
[EventCountry "GER"]
[SourceTitle "EXT 2011"]
[Source "ChessBase"]
[SourceDate "2010.11.26"]
[SourceVersion "1"]
[SourceVersionDate "2010.11.26"]
[SourceQuality "1"]
[WhiteTeam "Nordwalde II"]
[BlackTeam "Emsdetten Rochade III"]
[WhiteTeamCountry "GER"]
[BlackTeamCountry "GER"]

1. e4 e5 2. Nf3 Nc6 3. Bc4 Bc5 4. Nc3 d6 5. h3 Nf6 6. d3 h6 7. Be3 Bb4 8. a3 Bxc3+ 9. bxc3 0-0 10. 0-0 b6 11. Qd2 Nh7 12. Bd5 Bd7 13. d4 Rb8 14. Rad1 Qe7 15. Bc4 Na5 16. Bd3 Rbd8 17. Qe2 Bc6 18. d5 Bd7 19. Nh2 f5 20. exf5 e4 21. Bxh6 gxh6 22. Ng4 Qg7 23. Bxe4 Bxf5 24. Bxf5 Rxf5 25. Qe6+ Rf7 26. Nxh6+ Kf8 27. Nxf7 Qxf7 28. Qh6+ Qg7 29. Qxg7+ Kxg7 30. Rd4 Re8 31. f4 Nf6 32. Kf2 Ne4+ 33. Kf3 Nxc3 34. a4 Nb7 35. Rc4 Nxd5 36. Rd1 Re3+ 37. Kf2 Rc3 38. Rxc3 Nxc3 39. Rd4 Nc5 40. g4 N3e4+ 41. Kf3 Nf6 42. g5 Nfd7 43. h4 Kg6 44. h5+ Kg7 45. h6+ Kh7 46. f5 1-0